| 000 | 00674nam a22002057a 4500 | ||
|---|---|---|---|
| 008 | 160930b xxu||||| |||| 00| 0 eng d | ||
| 020 | _a9781401897116 | ||
| 020 | _a1401897118 | ||
| 050 |
_aRJ 245 _b.P68 2007 |
||
| 100 | _aPotts, Nicki L. | ||
| 245 |
_aPediatric nursing : _bcaring for children and their families/ _cNicki L. Potts and Barbara L. Mandleco. |
||
| 250 | _a2nd ed. | ||
| 260 |
_aAustralia : _bDelmar Cengage Leraning ; _cc2007. |
||
| 300 |
_axxxii, 1342p. : _bill. ; _c27cm. |
||
| 500 | _aIncludes index. | ||
| 650 | _aPediatric nursing. | ||
| 650 |
_a Nursing Care _xmethods. Child. |
||
| 700 | _aMandleco, Barbara L. | ||
| 942 |
_2lcc _cBOOKS _h.P68 2007 |
||
| 999 |
_c14394 _d14394 |
||